000 01269cam a2200325 a 4500
001 12662364
003 OSt
005 20170105101203.0
008 020130s2003 caua b 001 0 eng
010 _a 2002101498
020 _a053456495X
040 _aDLC
_cDLC
_dDLC
050 0 0 _aHM1211
_b.I57 2003
082 0 4 _a303.48/2
_221
245 0 0 _aIntercultural communication :
_ba reader /
_c[edited by] Larry A. Samovar, Richard E. Porter.
250 _a10th ed.
260 _aBelmont, CA :
_bWadsworth/Thomson Learning,
_cc2003.
300 _ax, 483 p. :
_bill. ;
_c24 cm.
504 _aIncludes bibliographical references and index.
650 0 _aIntercultural communication.
700 1 _aSamovar, Larry A.
700 1 _aPorter, Richard E.
856 4 2 _3Contributor biographical information
_uhttp://www.loc.gov/catdir/enhancements/fy1515/2002101498-b.html
856 4 2 _3Publisher description
_uhttp://www.loc.gov/catdir/enhancements/fy1515/2002101498-d.html
856 4 1 _3Table of contents only
_uhttp://www.loc.gov/catdir/enhancements/fy1515/2002101498-t.html
906 _a7
_bcbc
_corigcop
_d3
_encip
_f20
_gy-gencatlg
942 _2ddc
_cBK
999 _c2846
_d2846